| Поле | Инд. | ПП | Название | Значение |
|---|---|---|---|---|
| Тип записи | a | |||
| Библиографический уровень | m | |||
| 001 | Контрольный номер | RU/LIBMSTU/260549431 | ||
| 005 | Дата корректировки | 20200326114631.2 | ||
| 008 | Кодируемые данные | 080410|||||||||ru |||||||||||000|||rus|| | ||
| 020 | a | ISBN | 978-5-469-00914-6 | |
| 020 | a | ISBN | 5-469-00914-9 | |
| c | Цена, тираж | 98-00 | ||
| 040 | b | Код языка каталог. | rus | |
| 041 | 0_ | a | Код языка текста | rus |
| 084 | a | Индекс другой классификации/Индекс ББК | 65.245+65.052.23+67.405.1 | |
| 090 | a | Полочн. индекс | 65.24 | |
| x | Авторский знак | Б 43 | ||
| 100 | 1_ | a | Автор | Беликова Т. Н. |
| 245 | 10 | a | Заглавие | Все о заработной плате и кадрах |
| 260 | a | Место издания | Санкт-Петербург [и др.] | |
| b | Издательство | Питер | ||
| c | Дата издания | 2008 | ||
| 300 | a | Объем | 224 с. | |
| b | Иллюстрации/ тип воспроизводства | табл. | ||
| 440 | _7 | a | Серия | Серия "Бухгалтеру и аудитору" |
| 504 | a | Библиография | Библиогр.: с. 223-224 | |
| 650 | 04 | a | Основная рубрика | Заработная плата-Расчеты |
| 650 | 14 | a | Основная рубрика | Бухгалтерский учет |
| 650 | 14 | a | Основная рубрика | Отделы кадров-Делопроизводство |
| 650 | 14 | a | Основная рубрика | Налоговый кодекс Российской Федерации |
| 653 | 0_ | a | Ключевые слова | Заработная плата |
| 653 | 1_ | a | Ключевые слова | Бухгалтерский учет |
| 653 | 1_ | a | Ключевые слова | Отделы кадров |
| 653 | 1_ | a | Ключевые слова | Делопроизводство |
| 653 | 1_ | a | Ключевые слова | Подоходный налог |
| 653 | 1_ | a | Ключевые слова | Трудовые книжки |
| 653 | 1_ | a | Ключевые слова | Налоговый кодекс |
| 700 | 12 | a | Другие авторы | Минаева Л. Н. |
| 901 | t | Тип документа | m |